Statistics for Country by Painter

Click here to take the quiz!

General Stats

  • This quiz has been taken 93 times
  • The average score is 16 of 21

Answer Stats

ComposerCountry% Correct
Claude MonetFrance
100%
Hiroshi YoshidaJapan
99%
Pablo PicassoSpain
99%
Jackson PollockUnited States
98%
Rembrandt van RijnNetherlands
97%
Albrecht DürerGermany
92%
Salvador DalíSpain
92%
CaravaggioItaly
91%
Wassily KandinskyRussia
91%
Frida KahloMexico
87%
El GrecoGreece
80%
Edvard MunchNorway
78%
Edgar DegasFrance
76%
Zhang DaqianChina
72%
Diego RiveraMexico
72%
William HogarthUnited Kingdom
72%
Francis BaconIreland
65%
Jan MatejkoPoland
49%
Kazimir MalevichUkraine
45%
Oskar KokoschkaAustria
27%
Alphonse MuchaCzech Republic
27%

Score Distribution

Percentile by Number Answered

Percent of People with Each Score

Your Score History

You have not taken this quiz